| 000 | 00618nam a2200193Ia 4500 | ||
|---|---|---|---|
| 005 | 20250508164918.0 | ||
| 008 | 008 250505s9999 xx 000 0 hin d | ||
| 037 | _aDissertations | ||
| 040 |
_aFEDL _beng _cFEDL |
||
| 041 |
_ahin _2eng |
||
| 084 |
_a375.32, AVA/DI _qFEDL |
||
| 100 |
_aAvadh Raj _9779511 |
||
| 245 | 0 | _aRajniti vigyan vishye mein vividh prakar ke vidyalayon ke 10+2 ster par pariksha parinam mein anter ke karanon ka addhyan | |
| 260 | _c1999 | ||
| 300 | _a90p. | ||
| 546 | _aM.Ed. Dissertation (Delhi University) | ||
| 942 |
_cDIS _h375.32, AVA/DI |
||
| 999 |
_c1391969 _d1391969 |
||